000 00944nam a2200289 a 4500
001 000018899
005 20200929165859.0
008 100520s1998 sp 000 f spa d
020 _a8420633410
040 _aDO-SdBNP
_bspa
_cBNPHU
041 1 7 _aspa
_heng
_2Código de idioma MARC
082 _a833.9
_bH587L
100 1 _aHesse, Hermann,
_d1877-1962
_93301
240 1 0 _aDer steppenwolf.
_lEspañol
245 1 3 _aEl lobo estepario /
_cHermann Hesse ; traducción de Manuel Manzanares.
260 _aMadrid :
_bAlianza,
_c1998.
300 _a246, [1] p. ;
_c18 cm.
490 1 _aBiblioteca Hesse
500 _aEl primer ejemplar es la segunda reimpresión del 2000.
534 _pTítulo original en inglés:
_tDer steppenwolf
650 4 _aNovela alemana
_93302
650 4 _aLiteratura alemana
_ySIGLO XX
_912939
700 1 _aManzanares, Manuel,
_etr.
_940687
830 0 _aBiblioteca Hesse
_940688
910 _aWM
049 _aBNGR
999 _c18417
_d18417